000
00235nam a2200097Ia 4500
001
645852
005
20250826153631.0
008
250824s9999 xx 000 0 und d
245
0
_a
SONA ERMEK
_c
SELİM İLERİ
260
_b
EVEREST YAYINLARI
999
_c
645852
_d
645852